000 00697nam a2200277Ia 4500
005 20260324133355.0
008 008 260324s9999 xx 000 0 eng d
020 _a9781315290690
037 _aEBOOK
040 _aCRL
040 _beng
040 _cCRL
041 _2eng
041 _aeng
084 _qCRL
100 _aDeeDee Halleck; B. Lee Artz; Michael P. McCauley; Paul E Peterson
_91192852
245 0 _aPublic Broadcasting and the Public Interest
260 _bTaylor and Francis
260 _c2003
365 _a
365 _b230
856 _uhttp://www.taylorfrancis.com/books/9781315290690
942 _cEBOOK
999 _c1791825
_d1791825